UBT Library

Gene expression systems : (Record no. 40262)

000 -LEADER
fixed length control field 00848cam a2200265 a 4500
001 - CONTROL NUMBER
control field 2618903
005 - DATE AND TIME OF LATEST TRANSACTION
control field 20180115070652.0
008 - FIXED-LENGTH DATA ELEMENTS--GENERAL INFORMATION
fixed length control field 980427s1999 caua b 001 0 eng d
010 ## - LIBRARY OF CONGRESS CONTROL NUMBER
LC control number 98085621
020 ## - INTERNATIONAL STANDARD BOOK NUMBER
International Standard Book Number 0122538404
035 ## - SYSTEM CONTROL NUMBER
System control number (OCoLC)40462599
040 ## - CATALOGING SOURCE
Original cataloging agency OAU
Transcribing agency OAU
Modifying agency DNAL
-- DLC
041 ## - LANGUAGE CODE
Language code of text/sound track or separate title eng
042 ## - AUTHENTICATION CODE
Authentication code lccopycat
070 0# - NATIONAL AGRICULTURAL LIBRARY CALL NUMBER
Classification number QH450.G4627
Item number 1999
080 ## - UNIVERSAL DECIMAL CLASSIFICATION NUMBER
Universal Decimal Classification number 572.865 FER
082 00 - DEWEY DECIMAL CLASSIFICATION NUMBER
Classification number 572.865 FER
Edition number 21
100 ## - Rafti
Rafti 11
101 ## - Shkurtesa
Shkurtesa BIO
245 00 - TITLE STATEMENT
Title Gene expression systems :
Statement of responsibility, etc edited by Joseph M. Fernandez and James P. Hoeffler.
504 ## - BIBLIOGRAPHY, ETC. NOTE
Bibliography, etc Includes bibliographical references and index.
906 ## - LOCAL DATA ELEMENT F, LDF (RLIN)
a 7
b cbu
c copycat
d 2
e opcn
f 19
g y-gencatlg
942 ## - ADDED ENTRY ELEMENTS (KOHA)
Source of classification or shelving scheme
Item type Books
Holdings
Withdrawn status Lost status Source of classification or shelving scheme Damaged status Not for loan Collection code Permanent location Current location Shelving location Date acquired Total Checkouts Full call number Barcode Date last seen Price effective from Koha item type
          Koleksioni i përgjithshem UBT - Lipjan UBT - Lipjan Koleksioni i përgjithshem 01/15/2018   572.865 FER 002-2995525 01/15/2018 01/15/2018 Books
UBT Library © 2015-2024. All rights reserved University Education for Business and Technology